|
|
|
|
| LEADER |
00000nam0a2200000 4500 |
| 001 |
160868 |
| 005 |
20231031155729.0 |
| 035 |
|
|
|a (RuTPU)RU\TPU\book\174461
|
| 090 |
|
|
|a 160868
|
| 100 |
|
|
|a 20090530d1969 km y0rusy50 ca
|
| 101 |
0 |
|
|a rus
|
| 102 |
|
|
|a RU
|
| 105 |
|
|
|a a z 001zy
|
| 200 |
1 |
|
|a Автоматизация производства стеклопластиков
|f О. С. Любутин
|
| 210 |
|
|
|a Москва
|c Химия
|d 1969
|
| 215 |
|
|
|a 256 с.
|c ил.
|
| 320 |
|
|
|a Библиогр.: с. 255-256.
|
| 610 |
1 |
|
|a стеклопластики
|
| 610 |
1 |
|
|a стеклопластиковые материалы
|
| 610 |
1 |
|
|a производство
|
| 610 |
1 |
|
|a автоматизация
|
| 610 |
1 |
|
|a автоматический контроль
|
| 610 |
1 |
|
|a автоматическое регулирование
|
| 610 |
1 |
|
|a уровнемеры
|
| 610 |
1 |
|
|a датчики
|
| 610 |
1 |
|
|a вискозометры
|
| 610 |
1 |
|
|a дозаторы
|
| 610 |
1 |
|
|a влагомеры
|
| 610 |
1 |
|
|a стеклянное волокно
|
| 610 |
1 |
|
|a стеклопластиковые изделия
|
| 675 |
|
|
|a 679.56.747
|v 3
|
| 700 |
|
1 |
|a Любутин
|b О. С.
|g Олег Савельевич
|
| 801 |
|
1 |
|a RU
|b 63413507
|c 20090530
|g PSBO
|
| 801 |
|
2 |
|a RU
|b 63413507
|c 20100122
|g RCR
|
| 942 |
|
|
|c BK
|